000
00191 a2200097 4500
020
_a
9780836866797
041
_a
spa
100
_a
Burstein, John
245
_a
Usar computadoras
942
_c
BK
999
_c
12235
_d
12235